[Event "Baleares-chT"]
[Site "Palma de Mallorca"]
[Date "2022.03.05"]
[Round "7.3"]
[White "Castro Valero, Juan"]
[Black "Planells Roig, Jose"]
[Result "1/2-1/2"]
[WhiteElo "1969"]
[BlackElo "2041"]
[PlyCount "46"]
[EventDate "2022.01.22"]
[EventType "team-tourn"]
[EventRounds "7"]
[EventCountry "ESP"]
[SourceTitle "EXT 2023"]
[Source "ChessBase"]
[SourceDate "2022.10.05"]
[SourceVersion "1"]
[SourceVersionDate "2022.10.05"]
[SourceQuality "1"]
[WhiteTeam "La Balanguera"]
[BlackTeam "Puig den Valls"]
[WhiteTeamCountry "ESP"]
[BlackTeamCountry "ESP"]

1. d4 Nf6 2. Bf4 g6 3. Nc3 Bg7 4. e4 c6 5. Qd2 b5 6. f3 h5 7. Bd3 d6 8. Nge2 Nfd7 9. Be3 Nb6 10. a3 e5 11. Bg5 f6 12. Be3 a6 13. f4 N8d7 14. 0-0 c5 15. dxc5 dxc5 16. Ng3 h4 17. Nh1 Qe7 18. Rae1 Bb7 19. Qf2 0-0-0 20. fxe5 Qxe5 21. Bf4 Qd4 22. Be3 Qe5 23. Bf4 Qd4 1/2-1/2

[Event "Baleares-chT"]
[Site "Palma de Mallorca"]
[Date "2022.02.12"]
[Round "4.3"]
[White "Aguado Doncel, Pablo Luis"]
[Black "Planells Roig, Jose"]
[Result "1-0"]
[WhiteElo "2095"]
[BlackElo "2041"]
[PlyCount "71"]
[EventDate "2022.01.22"]
[EventType "team-tourn"]
[EventRounds "7"]
[EventCountry "ESP"]
[SourceTitle "EXT 2023"]
[Source "ChessBase"]
[SourceDate "2022.10.05"]
[SourceVersion "1"]
[SourceVersionDate "2022.10.05"]
[SourceQuality "1"]
[WhiteTeam "Mallorca Isolani"]
[BlackTeam "Puig den Valls"]
[WhiteTeamCountry "ESP"]
[BlackTeamCountry "ESP"]

1. d4 Nf6 2. c4 g6 3. Nc3 Bg7 4. e4 d6 5. Nf3 0-0 6. Be2 e5 7. d5 Nbd7 8. Bg5 h6 9. Bh4 g5 10. Bg3 Nh5 11. h4 Nxg3 12. fxg3 g4 13. Nh2 h5 14. 0-0 f5 15. exf5 Nf6 16. Qd2 Kh7 17. Qc2 Kh8 18. Ne4 Nxe4 19. Qxe4 Bf6 20. Rf2 Bd7 21. Nf1 c5 22. Nd2 a6 23. Qe3 Kh7 24. Ne4 Qe7 25. Bd3 b5 26. b3 bxc4 27. bxc4 Rab8 28. Rff1 Rb6 29. Nxf6+ Qxf6 30. Qg5 Qxg5 31. hxg5 Bxf5 32. Rxf5 Kg7 33. Rf2 a5 34. g6 Rb7 35. Kf1 a4 36. Rf7+ 1-0

[Event "Baleares-chT"]
[Site "Palma de Mallorca"]
[Date "2022.01.22"]
[Round "1.3"]
[White "Planells Roig, Jose"]
[Black "Serra Olives, Tomas"]
[Result "0-1"]
[WhiteElo "2041"]
[BlackElo "2081"]
[PlyCount "54"]
[EventDate "2022.01.22"]
[EventType "team-tourn"]
[EventRounds "7"]
[EventCountry "ESP"]
[SourceTitle "EXT 2023"]
[Source "ChessBase"]
[SourceDate "2022.10.05"]
[SourceVersion "1"]
[SourceVersionDate "2022.10.05"]
[SourceQuality "1"]
[WhiteTeam "Puig den Valls"]
[BlackTeam "Son Dameto"]
[WhiteTeamCountry "ESP"]
[BlackTeamCountry "ESP"]

1. e4 c5 2. Nf3 d6 3. d4 cxd4 4. Nxd4 Nf6 5. Nc3 a6 6. g3 g6 7. Bg2 Bg7 8. 0-0 0-0 9. a4 Qc7 10. h3 Nc6 11. Nde2 e5 12. b3 Be6 13. Ba3 Rfd8 14. Nd5 Bxd5 15. exd5 Ne7 16. a5 Nf5 17. c4 b6 18. Bb4 Rdb8 19. g4 Nh4 20. Bh1 bxa5 21. Bxa5 Qd7 22. b4 h5 23. f3 e4 24. fxe4 hxg4 25. Ng3 gxh3 26. e5 Ng4 27. e6 h2# 0-1

[Event "Ibiza-ch"]
[Site "Ibiza"]
[Date "2017.11.11"]
[Round "3"]
[White "Planells Roig, Jose"]
[Black "Ramirez Mari, Antonio"]
[Result "1-0"]
[WhiteElo "2103"]
[BlackElo "1599"]
[PlyCount "53"]
[EventDate "2017.11.04"]
[EventType "swiss"]
[EventRounds "7"]
[EventCountry "ESP"]
[SourceTitle "EXT 2024"]
[Source "ChessBase"]
[SourceDate "2023.10.10"]
[SourceVersion "1"]
[SourceVersionDate "2023.10.10"]
[SourceQuality "1"]

1. e4 c5 2. Nf3 e6 3. d4 cxd4 4. Nxd4 a6 5. Nc3 Bb4 6. Be3 Nf6 7. f3 d6 8. Qd2 Nbd7 9. g4 h6 10. h4 Nb6 11. a3 Bc5 12. 0-0-0 d5 13. e5 Nfd7 14. f4 Qc7 15. Be2 Nc4 16. Bxc4 Bxd4 17. Bxd4 Qxc4 18. f5 Nb8 19. Qf2 b5 20. Rhg1 a5 21. b3 Qc6 22. a4 Ba6 23. fxe6 Qxe6 24. Bc5 Nd7 25. Bd6 bxa4 26. Nxd5 Bb5 27. Nc7+ 1-0

[Event "Ibiza-ch"]
[Site "Eivissa"]
[Date "2016.11.13"]
[Round "3"]
[White "Bordes Ibanez, Juan Bautista"]
[Black "Planells Roig, Jose"]
[Result "1/2-1/2"]
[WhiteElo "1980"]
[BlackElo "2081"]
[PlyCount "27"]
[EventDate "2016.11.06"]
[EventType "swiss"]
[EventRounds "7"]
[EventCountry "ESP"]
[SourceTitle "EXT 2018"]
[Source "ChessBase"]
[SourceDate "2017.10.13"]
[SourceVersion "1"]
[SourceVersionDate "2017.10.13"]
[SourceQuality "1"]

1. Nf3 g6 2. d4 f5 3. g3 Nf6 4. Bg2 Bg7 5. c4 0-0 6. 0-0 d6 7. Nc3 Nc6 8. d5 Na5 9. Qa4 c5 10. dxc6 Nxc6 11. Rd1 Ne4 12. Nxe4 fxe4 13. Ng5 Ne5 14. c5 1/2-1/2

[Event "Ibiza Summer op 4th"]
[Site "Ibiza"]
[Date "2016.06.25"]
[Round "2"]
[White "Riera Torres, Diana"]
[Black "Planells Roig, Jose"]
[Result "0-1"]
[WhiteElo "1683"]
[BlackElo "2085"]
[PlyCount "60"]
[EventDate "2016.06.24"]
[EventType "swiss"]
[EventRounds "6"]
[EventCountry "ESP"]
[SourceTitle "CBM 173 Extra"]
[Source "ChessBase"]
[SourceDate "2016.08.29"]
[SourceVersion "1"]
[SourceVersionDate "2016.08.29"]
[SourceQuality "1"]

1. e4 c5 2. c3 g6 3. Nf3 Bg7 4. d4 cxd4 5. cxd4 d5 6. e5 Nh6 7. Bd3 0-0 8. 0-0 Nc6 9. a3 Nf5 10. Bxf5 Bxf5 11. b4 f6 12. exf6 Bxf6 13. Re1 Bg4 14. Be3 Bxf3 15. gxf3 e5 16. b5 Nxd4 17. Bxd4 exd4 18. Qe2 Rc8 19. Ra2 Qd7 20. Qf1 Qf5 21. Qg2 Rce8 22. Rd1 Re5 23. Qg4 Bg7 24. Kg2 Qf6 25. h4 Rh5 26. Rh1 Qd6 27. Rd2 Rhf5 28. Rd3 Rf4 29. Qh3 R8f5 30. Re1 Bf6 0-1

[Event "Eivissa City-chT"]
[Site "Eivissa"]
[Date "2015.03.28"]
[Round "4.1"]
[White "Stivelberg Pereira, Leandro"]
[Black "Planells Roig, Jose"]
[Result "1-0"]
[WhiteElo "2032"]
[BlackElo "2100"]
[PlyCount "73"]
[EventDate "2015.03.07"]
[EventType "team-tourn"]
[EventRounds "5"]
[EventCountry "ESP"]
[SourceTitle "EXT 2016"]
[Source "ChessBase"]
[SourceDate "2015.10.08"]
[SourceVersion "1"]
[SourceVersionDate "2015.10.08"]
[SourceQuality "1"]
[WhiteTeam "Quatre Torres"]
[BlackTeam "Puig den Valls"]
[WhiteTeamCountry "ESP"]
[BlackTeamCountry "ESP"]

1. d4 f5 2. Nc3 Nf6 3. Bg5 d5 4. e3 e6 5. Bd3 Be7 6. Nf3 0-0 7. 0-0 b6 8. Ne2 Ba6 9. Bxa6 Nxa6 10. Nf4 Qd6 11. Nd3 c5 12. c4 dxc4 13. Nde5 cxd4 14. exd4 c3 15. bxc3 Ne4 16. Bxe7 Qxe7 17. Qe2 Nb8 18. c4 Nd7 19. Rac1 Rac8 20. Rfd1 Rfd8 21. Qb2 Ng5 22. Nxg5 Qxg5 23. Nf3 Qf6 24. Re1 Rc7 25. Qa3 Nf8 26. Qe3 Rd6 27. h3 h6 28. Qf4 Rcd7 29. c5 Rd5 30. c6 g5 31. Qb8 Rf7 32. c7 g4 33. c8Q gxf3 34. Qg3+ Rg7 35. Qxf3 Rxd4 36. Rcd1 Rc4 37. Qxc4 1-0

[Event "Eivissa City-chT"]
[Site "Eivissa"]
[Date "2015.03.21"]
[Round "3.1"]
[White "Mari Copa, Adria"]
[Black "Planells Roig, Jose"]
[Result "0-1"]
[WhiteElo "2072"]
[BlackElo "2100"]
[PlyCount "126"]
[EventDate "2015.03.07"]
[EventType "team-tourn"]
[EventRounds "5"]
[EventCountry "ESP"]
[SourceTitle "EXT 2016"]
[Source "ChessBase"]
[SourceDate "2015.10.08"]
[SourceVersion "1"]
[SourceVersionDate "2015.10.08"]
[SourceQuality "1"]
[WhiteTeam "Ibiza Casino"]
[BlackTeam "Puig den Valls"]
[WhiteTeamCountry "ESP"]
[BlackTeamCountry "ESP"]

1. e4 c5 2. Nf3 g6 3. d4 cxd4 4. Nxd4 Nc6 5. Nxc6 bxc6 6. Bc4 Bg7 7. 0-0 d6 8. Qf3 Nf6 9. e5 dxe5 10. Qxc6+ Bd7 11. Qf3 0-0 12. Nc3 Qc7 13. Bb3 e6 14. Be3 Bc6 15. Qh3 Nd5 16. Nxd5 exd5 17. Bh6 f5 18. Bxg7 Kxg7 19. Rfe1 Rad8 20. Qc3 Rfe8 21. Ba4 Rc8 22. Bxc6 Qxc6 23. Qxc6 Rxc6 24. c3 Kf6 25. Kf1 g5 26. Rad1 Rd8 27. Re3 h5 28. Rh3 Kg6 29. Rhd3 Rcd6 30. Re1 Kf6 31. Red1 R6d7 32. R1d2 h4 33. Kg1 Ke6 34. Kf1 g4 35. Ke1 f4 36. h3 Rg8 37. hxg4 Rxg4 38. f3 Rgg7 39. Re2 Rg3 40. Red2 Rdg7 41. Rxd5 Rxg2 42. Rd6+ Kf5 43. Rh6 Rxd2 44. Kxd2 Rg2+ 45. Kd3 Rxb2 46. Rh5+ Ke6 47. Rxh4 Rxa2 48. Rh6+ Kd5 49. Rh8 Rf2 50. Ra8 Rxf3+ 51. Kc2 Kc4 52. Rxa7 Rxc3+ 53. Kd2 Rh3 54. Rd7 Rh2+ 55. Ke1 e4 56. Rf7 f3 57. Kf1 Kd3 58. Ra7 Ke3 59. Ra3+ Kf4 60. Kg1 Rd2 61. Ra4 Kg3 62. Ra1 e3 63. Rf1 e2 0-1

[Event "Eivissa Insular-ch"]
[Site "Eivissa"]
[Date "2014.12.06"]
[Round "6"]
[White "Planells Roig, Jose"]
[Black "Parrell Ferrer, Rafael"]
[Result "1/2-1/2"]
[WhiteElo "2086"]
[BlackElo "2013"]
[PlyCount "72"]
[EventDate "2014.10.25"]
[EventType "swiss"]
[EventRounds "7"]
[EventCountry "ESP"]
[SourceTitle "EXT 2016"]
[Source "ChessBase"]
[SourceDate "2015.10.08"]
[SourceVersion "1"]
[SourceVersionDate "2015.10.08"]
[SourceQuality "1"]

1. e4 c5 2. Nf3 e6 3. d4 cxd4 4. Nxd4 Nf6 5. Nc3 Bb4 6. Ndb5 d5 7. Bf4 Na6 8. e5 Ne4 9. Qg4 g6 10. a3 Qa5 11. Qf3 Bd7 12. 0-0-0 Nxc3 13. Nxc3 Bxc3 14. Qxc3 Qxc3 15. bxc3 Nc5 16. c4 dxc4 17. Bxc4 Bc6 18. f3 Rd8 19. Be3 b6 20. Bd4 0-0 21. Rd2 Bd5 22. Bxd5 Rxd5 23. Rhd1 Rc8 24. Kb2 Nb7 25. Bf2 Rxd2 26. Rxd2 Na5 27. Rd7 Nc4+ 28. Kb3 Nxe5 29. Rxa7 Nc6 30. Ra6 Na5+ 31. Kb2 Nc4+ 32. Kc1 b5 33. c3 Rd8 34. Bh4 Rc8 35. Bf2 Rd8 36. Bh4 Rc8 1/2-1/2

[Event "Eivissa Insular-ch"]
[Site "Eivissa"]
[Date "2014.11.22"]
[Round "4"]
[White "Mari Copa, Adria"]
[Black "Planells Roig, Jose"]
[Result "0-1"]
[WhiteElo "2016"]
[BlackElo "2086"]
[PlyCount "64"]
[EventDate "2014.10.25"]
[EventType "swiss"]
[EventRounds "7"]
[EventCountry "ESP"]
[SourceTitle "EXT 2016"]
[Source "ChessBase"]
[SourceDate "2015.10.08"]
[SourceVersion "1"]
[SourceVersionDate "2015.10.08"]
[SourceQuality "1"]

1. e4 c5 2. Nf3 Nc6 3. d4 cxd4 4. Nxd4 e5 5. Nb5 d6 6. N1c3 a6 7. Na3 Be6 8. Nd5 Nf6 9. Nxf6+ Qxf6 10. g3 h5 11. h3 Qg6 12. Bg2 Be7 13. c3 0-0 14. 0-0 Rad8 15. Nc2 d5 16. exd5 f5 17. Qe2 Rxd5 18. Bxd5 Bxd5 19. Kh2 f4 20. Ne1 Bd6 21. Rg1 fxg3+ 22. fxg3 e4 23. Qd2 Qe6 24. Ng2 Ne5 25. Ne1 Bc5 26. Qg2 Rf2 27. Bf4 Rxg2+ 28. Rxg2 Nf3+ 29. Nxf3 exf3 30. Rd2 Qe4 31. b4 Bb6 32. Rad1 Bc6 0-1

[Event "Eivissa Insular-ch"]
[Site "Eivissa"]
[Date "2014.11.08"]
[Round "2"]
[White "Vidal Torres, Roberto"]
[Black "Planells Roig, Jose"]
[Result "0-1"]
[WhiteElo "1675"]
[BlackElo "2086"]
[PlyCount "36"]
[EventDate "2014.10.25"]
[EventType "swiss"]
[EventRounds "7"]
[EventCountry "ESP"]
[SourceTitle "EXT 2016"]
[Source "ChessBase"]
[SourceDate "2015.10.08"]
[SourceVersion "1"]
[SourceVersionDate "2015.10.08"]
[SourceQuality "1"]

1. e4 c5 2. Nf3 Nc6 3. d4 cxd4 4. Nxd4 g6 5. Nc3 Bg7 6. Be3 Nf6 7. Be2 d6 8. Qd2 Ng4 9. Bxg4 Bxg4 10. f3 Bd7 11. 0-0-0 Rc8 12. h4 h5 13. Rdg1 Ne5 14. b3 Qa5 15. Kb2 Qb4 16. Nd5 Nc4+ 17. Kc1 Qa3+ 18. Kd1 Nxd2 0-1

[Event "Ibiza Summer op 3rd"]
[Site "Ibiza"]
[Date "2014.06.28"]
[Round "2"]
[White "Planells Roig, Jose"]
[Black "Valero Jimenez, Jose Manuel"]
[Result "1-0"]
[WhiteElo "2086"]
[BlackElo "1504"]
[PlyCount "37"]
[EventDate "2014.06.27"]
[EventType "swiss"]
[EventRounds "7"]
[EventCountry "ESP"]
[SourceTitle "CBM 161 Extra"]
[Source "ChessBase"]
[SourceDate "2014.08.29"]
[SourceVersion "1"]
[SourceVersionDate "2014.08.29"]
[SourceQuality "1"]

1. e4 e5 2. Nc3 Nf6 3. Bc4 Bc5 4. d3 d6 5. f4 Bg4 6. Nf3 exf4 7. Bxf4 Bxf3 8. Qxf3 Nbd7 9. g4 0-0 10. g5 Ne8 11. Qg3 g6 12. h4 Ng7 13. h5 Nxh5 14. Rxh5 gxh5 15. 0-0-0 Re8 16. Qh4 Bd4 17. Qxh5 Qe7 18. Rh1 Nf8 19. Nd5 1-0

[Event "Baleares-chT"]
[Site "Ibiza"]
[Date "2012.05.11"]
[Round "2.2"]
[White "Planells Roig, Jose"]
[Black "Cacho Reigadas, Sergio"]
[Result "0-1"]
[WhiteElo "2100"]
[BlackElo "2523"]
[PlyCount "88"]
[EventDate "2012.05.10"]
[EventType "team-swiss"]
[EventRounds "5"]
[EventCountry "ESP"]
[SourceTitle "EXT 2014"]
[Source "ChessBase"]
[SourceDate "2013.11.20"]
[SourceVersion "1"]
[SourceVersionDate "2013.11.20"]
[SourceQuality "1"]

1. e4 g6 2. d4 Bg7 3. Nc3 c6 4. Be3 d5 5. exd5 cxd5 6. Qd2 Nc6 7. Be2 a6 8. h4 h5 9. Bf3 Nf6 10. Nge2 Bg4 11. Nf4 e6 12. Be2 Bxe2 13. Nfxe2 b5 14. 0-0 b4 15. Nd1 Ne4 16. Qc1 Qxh4 17. c3 Qd8 18. f3 Nd6 19. Bg5 Qb6 20. Nf2 Rc8 21. Qf4 Qb8 22. Nd3 Nc4 23. Qh4 Qd6 24. Bf4 Qe7 25. Qg3 bxc3 26. bxc3 0-0 27. Rfe1 Rfe8 28. Bg5 Qa7 29. Kh1 a5 30. Rab1 Rb8 31. Bf4 Rxb1 32. Rxb1 e5 33. dxe5 N6xe5 34. Nxe5 Nxe5 35. Nd4 Nd3 36. Nb5 Qf2 37. Qxf2 Nxf2+ 38. Kg1 Nd3 39. Nd6 Re7 40. Bd2 Be5 41. Nb5 Bg3 42. Nd4 Rc7 43. Ne2 Bd6 44. Be3 Re7 0-1

[Event "Benidorm op U2300 10th"]
[Site "Benidorm"]
[Date "2011.12.02"]
[Round "1"]
[White "Planells Roig, Jose"]
[Black "Gromovs, Sergejs"]
[Result "1/2-1/2"]
[WhiteElo "2098"]
[BlackElo "2275"]
[PlyCount "91"]
[EventDate "2011.12.02"]
[EventType "swiss"]
[EventRounds "10"]
[EventCountry "ESP"]
[SourceTitle "CBM 145 Extra"]
[Source "ChessBase"]
[SourceDate "2012.01.03"]
[SourceVersion "1"]
[SourceVersionDate "2012.01.03"]
[SourceQuality "1"]

1. e4 c5 2. Nf3 d6 3. d4 cxd4 4. Nxd4 Nf6 5. Nc3 a6 6. Nb3 g6 7. f3 Bg7 8. Be3 0-0 9. Qd2 Be6 10. 0-0-0 Nc6 11. Bh6 b5 12. h4 b4 13. Nd5 Bxd5 14. exd5 Ne5 15. Bxg7 Kxg7 16. Qxb4 a5 17. Qd4 a4 18. Nd2 Qc7 19. Ne4 Rfc8 20. Bd3 Nxd3+ 21. Qxd3 Nxd5 22. Rd2 Ra5 23. h5 Qb6 24. h6+ Kg8 25. Qd4 Qxd4 26. Rxd4 a3 27. b3 f5 28. Rc4 Rxc4 29. bxc4 fxe4 30. cxd5 exf3 31. gxf3 Rxd5 32. Re1 Kf7 33. Re3 Ra5 34. Kd2 e5 35. Rc3 g5 36. Rc6 Rd5+ 37. Ke3 Ke6 38. c4 Rd1 39. c5 Kf7 40. cxd6 Ke6 41. Rc7 Re1+ 42. Kf2 Ra1 43. Rxh7 Rxa2+ 44. Ke3 Rb2 45. Ra7 Kxd6 46. Rxa3 1/2-1/2

[Event "ESP-ch 74th"]
[Site "Palma de Mallorca"]
[Date "2009.10.03"]
[Round "8"]
[White "Cerdo Fernandez, Miguel"]
[Black "Planells Roig, Jose"]
[Result "1-0"]
[WhiteElo "1921"]
[BlackElo "2108"]
[PlyCount "107"]
[EventDate "2009.09.26"]
[EventType "swiss"]
[EventRounds "9"]
[EventCountry "ESP"]
[SourceTitle "CBM 132 Extra"]
[Source "ChessBase"]
[SourceDate "2009.11.03"]
[SourceVersion "1"]
[SourceVersionDate "2009.11.03"]
[SourceQuality "1"]

1. e4 c5 2. Nf3 Nc6 3. d4 cxd4 4. Nxd4 g6 5. Nc3 Bg7 6. Be3 Nf6 7. f3 0-0 8. Qd2 d5 9. Nxc6 bxc6 10. 0-0-0 Qa5 11. Kb1 Rb8 12. e5 Nd7 13. f4 Nb6 14. Ne4 Qxd2 15. Nxd2 Bg4 16. Re1 Rb7 17. Ba6 Rc7 18. Nb3 Na4 19. Nc5 Nxc5 20. Bxc5 Bf5 21. Re3 f6 22. e6 Be4 23. Rg1 Rb8 24. b4 f5 25. g3 Bf6 26. Kc1 Kh8 27. Bd3 Rcb7 28. Bxe4 fxe4 29. Rb3 g5 30. Kd2 Rg8 31. f5 g4 32. Ra3 Rf8 33. Rf1 Kg7 34. Ra6 Rc8 35. a4 Rcc7 36. c3 Be5 37. c4 Kf6 38. Ke3 h5 39. cxd5 cxd5 40. Rd1 Kxf5 41. Rxd5 Kf6 42. Kxe4 Bd6 43. Bxd6 exd6 44. b5 Kxe6 45. Raxd6+ Ke7 46. Rh6 Rc4+ 47. Rd4 Rxd4+ 48. Kxd4 Rd7+ 49. Kc5 Kf8 50. Rxh5 Rc7+ 51. Kd5 Rd7+ 52. Kc6 Rd4 53. a5 Ra4 54. b6 1-0

[Event "ESP-ch 74th"]
[Site "Palma de Mallorca"]
[Date "2009.10.01"]
[Round "6"]
[White "Fenollar Jorda, Manuel"]
[Black "Planells Roig, Jose"]
[Result "1-0"]
[WhiteElo "2311"]
[BlackElo "2108"]
[PlyCount "63"]
[EventDate "2009.09.26"]
[EventType "swiss"]
[EventRounds "9"]
[EventCountry "ESP"]
[SourceTitle "CBM 132 Extra"]
[Source "ChessBase"]
[SourceDate "2009.11.03"]
[SourceVersion "1"]
[SourceVersionDate "2009.11.03"]
[SourceQuality "1"]

1. d4 f5 2. Nf3 Nf6 3. Bg5 e6 4. Nbd2 Be7 5. Bxf6 Bxf6 6. e4 d5 7. exf5 exf5 8. Ne5 0-0 9. f4 c5 10. dxc5 Bxe5 11. fxe5 Nc6 12. Nf3 Nxe5 13. Be2 Nxf3+ 14. Bxf3 Re8+ 15. Kf2 Be6 16. Qd4 Qc7 17. Rhe1 Kh8 18. Re5 b6 19. cxb6 axb6 20. c4 Bg8 21. Rae1 Rxe5 22. Rxe5 Rxa2 23. Re8 Qd7 24. Qe5 Rxb2+ 25. Kg3 f4+ 26. Kh4 Rd2 27. Bxd5 Rxd5 28. cxd5 Qf7 29. d6 f3 30. gxf3 h6 31. Re7 Qc4+ 32. Kg3 1-0

[Event "ESP-ch 74th"]
[Site "Palma de Mallorca"]
[Date "2009.09.30"]
[Round "5"]
[White "Planells Roig, Jose"]
[Black "Vega Gutierrez, Sabrina Neide"]
[Result "1/2-1/2"]
[WhiteElo "2108"]
[BlackElo "2357"]
[PlyCount "74"]
[EventDate "2009.09.26"]
[EventType "swiss"]
[EventRounds "9"]
[EventCountry "ESP"]
[SourceTitle "CBM 132 Extra"]
[Source "ChessBase"]
[SourceDate "2009.11.03"]
[SourceVersion "1"]
[SourceVersionDate "2009.11.03"]
[SourceQuality "1"]

1. e4 c5 2. Nf3 e6 3. d4 cxd4 4. Nxd4 Nc6 5. Nc3 a6 6. g3 d6 7. Bg2 Bd7 8. a4 Nf6 9. 0-0 Be7 10. Nb3 Qc7 11. f4 Rc8 12. a5 Nb4 13. Be3 e5 14. Bb6 Qb8 15. f5 Bc6 16. Rc1 0-0 17. g4 h6 18. h4 Nh7 19. Qe1 Rfe8 20. Qg3 f6 21. Nd2 Bd8 22. Be3 b6 23. g5 fxg5 24. hxg5 Bxg5 25. Bxg5 Nxg5 26. f6 bxa5 27. Kh2 Qc7 28. Nf3 gxf6 29. Nh4 Qf7 30. Nf5 Qh5+ 31. Kg1 Rcd8 32. Kf2 Qg6 33. Rh1 Kf7 34. Rxh6 Qg8 35. Rh5 Qg6 36. Rh6 Qg8 37. Rh5 Qg6 1/2-1/2

[Event "ESP-ch 74th"]
[Site "Palma de Mallorca"]
[Date "2009.09.26"]
[Round "1"]
[White "Planells Roig, Jose"]
[Black "Khamrakulov, Ibragim S"]
[Result "1/2-1/2"]
[WhiteElo "2108"]
[BlackElo "2554"]
[PlyCount "135"]
[EventDate "2009.09.26"]
[EventType "swiss"]
[EventRounds "9"]
[EventCountry "ESP"]
[SourceTitle "CBM 132 Extra"]
[Source "ChessBase"]
[SourceDate "2009.11.03"]
[SourceVersion "1"]
[SourceVersionDate "2009.11.03"]
[SourceQuality "1"]

1. e4 c5 2. Nf3 e6 3. d4 cxd4 4. Nxd4 a6 5. Nc3 Qc7 6. g3 Bb4 7. Bd2 Nf6 8. Bg2 0-0 9. 0-0 Be7 10. Kh1 Nc6 11. Nxc6 bxc6 12. g4 d5 13. g5 Nxe4 14. Nxe4 dxe4 15. Bxe4 Rd8 16. Qe2 Bb7 17. Rad1 c5 18. f3 Rab8 19. Bc3 Kh8 20. Bxb7 Qxb7 21. Qe5 Bf8 22. Qe3 Rd5 23. Rd3 c4 24. Rxd5 Qxd5 25. Qa7 Qb7 26. Qxb7 Rxb7 27. Rd1 Be7 28. f4 f6 29. gxf6 gxf6 30. Rd4 Rc7 31. Kg2 Kg7 32. Kf3 Kg6 33. Rd2 Kf5 34. Rd1 h5 35. h3 h4 36. Be1 Rb7 37. b3 Rc7 38. c3 Ba3 39. Rd4 cxb3 40. axb3 Bb2 41. Rd3 e5 42. fxe5 fxe5 43. Ke3 a5 44. c4 Bd4+ 45. Ke2 Rg7 46. Rf3+ Ke4 47. Bxh4 Rg2+ 48. Bf2 Rh2 49. Rf8 Bxf2 50. Rxf2 Rxh3 51. Rf1 Rxb3 52. Ra1 Rb2+ 53. Ke1 Rb4 54. Rxa5 Rxc4 55. Ra3 Kf4 56. Rb3 Rc8 57. Ra3 Rh8 58. Kf2 e4 59. Ke1 Rh2 60. Rb3 Ra2 61. Rc3 Ke5 62. Rb3 Kd4 63. Rh3 Rb2 64. Ra3 e3 65. Ra8 Rb1+ 66. Ke2 Rb2+ 67. Ke1 Ke4 68. Re8+ 1/2-1/2

[Event "ESP-chT Autonomicas 4th"]
[Site "Villava"]
[Date "2009.05.03"]
[Round "6"]
[White "Planells Roig, Jose"]
[Black "Alsina Lopez, Adolfo"]
[Result "1-0"]
[WhiteElo "2076"]
[BlackElo "1658"]
[PlyCount "55"]
[EventDate "2009.04.30"]
[EventType "team-tourn"]
[EventRounds "6"]
[EventCountry "ESP"]
[SourceTitle "CBM 130 Extra"]
[Source "ChessBase"]
[SourceDate "2009.07.02"]
[SourceVersion "2"]
[SourceVersionDate "2009.07.15"]
[SourceQuality "1"]

1. e4 e6 2. d4 d5 3. Nc3 dxe4 4. Nxe4 Nf6 5. Bd3 Be7 6. Nf3 0-0 7. Qe2 Nbd7 8. Be3 Nxe4 9. Bxe4 c5 10. 0-0-0 Qa5 11. Kb1 Nf6 12. Bd3 Bd7 13. Ne5 Bc6 14. Rhg1 Rfc8 15. g4 Bd5 16. c4 Be4 17. Bxe4 Nxe4 18. Qf3 f6 19. Qxe4 fxe5 20. dxe5 Qc7 21. f4 Rd8 22. Qf3 Rab8 23. Bd2 Rd4 24. Bc3 Rxc4 25. b3 Rxc3 26. Qxc3 b5 27. f5 b4 28. Qc4 1-0

[Event "Ibiza"]
[Site "Ibiza"]
[Date "2006.11.19"]
[Round "9.4"]
[White "Borges Matos, Juan R"]
[Black "Planells Roig, Jose"]
[Result "1-0"]
[WhiteElo "2431"]
[BlackElo "2070"]
[PlyCount "83"]
[EventDate "2006.11.13"]
[EventType "tourn"]
[EventRounds "9"]
[EventCountry "ESP"]
[EventCategory "6"]
[SourceTitle "EXT 2007"]
[Source "ChessBase"]
[SourceDate "2006.11.23"]
[SourceVersion "1"]
[SourceVersionDate "2006.11.23"]
[SourceQuality "1"]

1. Nf3 Nf6 2. c4 c5 3. g3 g6 4. Bg2 Bg7 5. d4 cxd4 6. Nxd4 Nc6 7. Nc3 0-0 8. 0-0 Nxd4 9. Qxd4 d6 10. Qd3 Nd7 11. b3 Nc5 12. Qd2 a5 13. Ba3 Be6 14. Rac1 Qb6 15. Qg5 Bf6 16. Qe3 Rac8 17. Rfd1 Rfe8 18. h4 h5 19. Bd5 Bf5 20. Be4 Bxe4 21. Nxe4 Qc6 22. Nxf6+ exf6 23. Qd2 Re6 24. e3 b6 25. Qd5 Qxd5 26. Rxd5 Kf8 27. Kg2 Ke7 28. Rcd1 Rc6 29. Bb2 Na6 30. R5d2 a4 31. Bd4 Nc5 32. Rb2 Nd7 33. Kf3 Rc7 34. Ke2 axb3 35. axb3 Ra7 36. Rdd2 Ra3 37. Rb1 Nc5 38. Rdb2 b5 39. cxb5 Ra8 40. Rc1 Rb8 41. b6 Kd8 42. b4 1-0

[Event "Ibiza"]
[Site "Ibiza"]
[Date "2006.11.17"]
[Round "7.3"]
[White "Movsziszian, Karen"]
[Black "Planells Roig, Jose"]
[Result "1-0"]
[WhiteElo "2456"]
[BlackElo "2070"]
[PlyCount "63"]
[EventDate "2006.11.13"]
[EventType "tourn"]
[EventRounds "9"]
[EventCountry "ESP"]
[EventCategory "6"]
[SourceTitle "EXT 2007"]
[Source "ChessBase"]
[SourceDate "2006.11.23"]
[SourceVersion "1"]
[SourceVersionDate "2006.11.23"]
[SourceQuality "1"]

1. g3 e5 2. Bg2 d6 3. c4 g6 4. Nc3 c6 5. d3 Bg7 6. e4 Be6 7. Nge2 f5 8. exf5 gxf5 9. 0-0 Nf6 10. b3 Qd7 11. d4 0-0 12. Ba3 Rd8 13. Qd2 Na6 14. Rad1 e4 15. d5 cxd5 16. cxd5 Bf7 17. f3 exf3 18. Bxf3 Ng4 19. Nf4 Qc7 20. Rc1 Qb6+ 21. Kh1 Rd7 22. Bxg4 fxg4 23. Ne6 Bxe6 24. dxe6 Rc7 25. Nd5 Rxc1 26. Rxc1 Qd8 27. Bxd6 Kh8 28. Qf4 Rc8 29. Rxc8 Qxc8 30. Be5 Qd8 31. Bxg7+ Kxg7 32. Qf7+ 1-0